[Informe final de evaluación externa del INIE] /
| Hlavní autor: | |
|---|---|
| Médium: | Kniha |
| Jazyk: | španělština |
| Vydáno: |
[San Jose, Costa Rica] :
2016
|
| Témata: |
MARC
| LEADER | 00000nam a2200000 4500 | ||
|---|---|---|---|
| 008 | 170313b2016 cr ||||| |||| 00| | spa d | ||
| 999 | |c 3406 |d 3406 | ||
| 090 | |a 18.09.01 |b 2406 | ||
| 100 | 1 | |9 1495 |a Chehaibar Náder, Lourdes | |
| 245 | 1 | 1 | |a [Informe final de evaluación externa del INIE] / |c Lourdes M. Chehaibar Náder |
| 260 | |a [San Jose, Costa Rica] : |c 2016 | ||
| 300 | |a 56 páginas | ||
| 610 | 2 | 4 | |9 153 |a INSTITUTO DE INVESTIGACIÓN EN EDUCACIÓN |
| 650 | 1 | 4 | |9 287 |a EVALUACIÓN |
| 942 | |i 004298 |h 18.09.01 2406 |2 z |c 01 | ||
